[Event "europa chess chempion players"]
[Site "SchemingMind.com"]
[Date "2010.12.25"]
[Round "-"]
[White "andu"]
[Black "Mitchell-in"]
[Result "1-0"]
[WhiteCountry "AUT"]
[BlackCountry "ENG"]
[WhiteElo "2087"]
[WhiteRD "76"]
[BlackElo "1853"]
[BlackRD "71"]
[GameID "271021"]

1. e4 c5 2. Nf3 Nc6 3. d4 cxd4 4. Nxd4 d5 5. exd5 Qxd5 6. Be3 e6 7. Nc3 Bb4 8. Nb5 Qe5 9. a3 Bxc3+ 10. Nxc3 Nf6
11. Bd3 O-O 12. O-O Qh5 13. Qxh5 Nxh5 14. Rad1 Nf6 15. Bg5 Nd5 16. Nxd5 exd5 17. Rfe1 Be6= 18. Bf4 Rfe8 19. f3 a6 20. Re3 f6
21. Kf2 Bf7 22. Rxe8+ Rxe8 23. Bf5 g6 24. Bd7 Rd8 25. Bh3 Re8 26. Be3 f5 27. g3 Ne5 28. Bd4 Nc6 29. Bb6 Ne5 30. b3 Nd7
31. Bd4 Rc8 32. Rd2 Nc5 33. Bf1 Ne6 34. Bb2 Nc7 35. Be5 Nb5 36. Bxb5 axb5 37. Ke3 Kf8 38. Kf4 Ke7 39. Kg5 Ra8 40. Re2 Be6
41. Kh6 Kf7 42. Bb2 b4 43. axb4 Ra2 44. Bd4 Ra6 45. Kxh7 Ra8 46. h4 b5 47. Kh6 Rc8 48. Kg5 Rc6 49. g4 Rc8 50. h5 gxh5
51. gxh5 Rg8+ 52. Kf4 Rc8 53. h6
1-0

[Event "europa chess chempion players"]
[Site "SchemingMind.com"]
[Date "2010.12.30"]
[Round "-"]
[White "andu"]
[Black "emvarela"]
[Result "1-0"]
[WhiteCountry "AUT"]
[BlackCountry "ARG"]
[WhiteElo "2065"]
[WhiteRD "79"]
[BlackElo "1800"]
[BlackRD "49"]
[GameID "271022"]

1. e4 e5 2. f4 d5 3. exd5 exf4 4. Nf3 Qxd5 5. Nc3 Qe6+ 6. Qe2 Qxe2+ 7. Bxe2 c6 8. d4 Bg4 9. Bxf4 Bxf3 10. Bxf3 Bb4
11. O-O Bxc3 12. bxc3 Nf6 13. Rab1 Nd5 14. Bg3 b6 15. Bxd5 cxd5 16. Rbe1+ Kd7 17. Rxf7+ Kc6 18. a4
1-0

[Event "europa chess chempion players"]
[Site "SchemingMind.com"]
[Date "2010.12.25"]
[Round "-"]
[White "andu"]
[Black "NAZRIZ1977"]
[Result "1-0"]
[WhiteCountry "AUT"]
[BlackCountry "WLS"]
[WhiteElo "2113"]
[WhiteRD "76"]
[BlackElo "1539"]
[BlackRD "63"]
[GameID "271023"]

1. e4 c6 2. d4 d5 3. Nc3 dxe4 4. Nxe4 Bf5 5. Ng3 Bg6 6. h4 h6 7. Nf3 Nd7 8. h5 Bh7 9. Bc4 e6 10. Bf4 Ngf6
11. O-O Be7 12. Bd3 Bxd3 13. Qxd3 O-O 14. c4 Qb6 15. a3 Rfd8 16. Rfe1 a5 17. Qc3 Ng4 18. Rad1 Bf6 19. c5 Qb5 20. Bd6 Nb6
21. Re4 Na4 22. Qe1 Nxf2 23. Qxf2 Qxb2 24. Re3 Qxf2+ 25. Kxf2 b6 26. Ne4
1-0

[Event "europa chess chempion players"]
[Site "SchemingMind.com"]
[Date "2010.12.25"]
[Round "-"]
[White "andu"]
[Black "Thomas Laue"]
[Result "1-0"]
[WhiteCountry "AUT"]
[BlackCountry "GER"]
[WhiteElo "2072"]
[WhiteRD "70"]
[BlackElo "1753"]
[BlackRD "144"]
[GameID "271024"]

1. e4 e6 2. d4 d5 3. Nc3 Bb4 4. e5 c5 5. a3 Bxc3+ 6. bxc3 Ne7 7. Qg4 Qc7 8. Qxg7 Rg8 9. Qxh7 cxd4 10. Ne2 Nbc6
11. f4 Bd7 12. Qd3 dxc3 13. Qxc3 Nf5 14. Ng3 Nxg3 15. hxg3 O-O-O 16. Bd2 Rg7 17. Rh3 Rdg8 18. Rb1 Ne7 19. Qxc7+ Kxc7 20. Bd3 Rxg3
21. Rxg3 Rxg3 22. Bb4 Nc8 23. Kf2 Rg7 24. Rh1 Bc6 25. Rh8 b6 26. Bf8 Rg4 27. Kf3
1-0

[Event "europa chess chempion players"]
[Site "SchemingMind.com"]
[Date "2010.12.25"]
[Round "-"]
[White "andu"]
[Black "DI DARIO"]
[Result "1-0"]
[WhiteCountry "AUT"]
[BlackCountry "INT"]
[WhiteElo "2072"]
[WhiteRD "70"]
[BlackElo "1798"]
[BlackRD "74"]
[GameID "271025"]

1. e4 d6 2. d4 e6 3. Nf3 c5 4. dxc5 Qa5+ 5. Nc3 Qxc5 6. Be3 Qb4 7. a3 Qxb2 8. Nb5 Na6 9. Bd4 Qxa1 10. Bxa1 e5
11. Nxd6+ Ke7 12. Nxe5 Be6 13. Nxb7 Kf6 14. Bxa6
1-0

[Event "europa chess chempion players"]
[Site "SchemingMind.com"]
[Date "2010.12.25"]
[Round "-"]
[White "agarr"]
[Black "andu"]
[Result "1-0"]
[WhiteCountry "RUS"]
[BlackCountry "AUT"]
[WhiteElo "1748"]
[WhiteRD "85"]
[BlackElo "2063"]
[BlackRD "78"]
[GameID "271026"]

1. e4 c5 2. Nf3 e6 3. b3 b6 4. Bb2 Bb7 5. Nc3 a6 6. d3 Nc6 7. g3 Nf6 8. Bg2 Be7 9. O-O O-O 10. Re1 Qc7
11. Qd2 Rad8 12. e5 Ng4 13. Qe2 f6 14. exf6 Nd4 15. Nxd4 Nxf6 16. Nf3 Kh8 17. Ne4 Nxe4 18. dxe4 Bf6 19. Bxf6 Rxf6 20. e5 Rf4
21. gxf4
1-0

[Event "europa chess chempion players"]
[Site "SchemingMind.com"]
[Date "2010.12.26"]
[Round "-"]
[White "Mitchell-in"]
[Black "andu"]
[Result "0-1"]
[WhiteCountry "ENG"]
[BlackCountry "AUT"]
[WhiteElo "1826"]
[WhiteRD "70"]
[BlackElo "2113"]
[BlackRD "76"]
[GameID "271027"]

1. f4 e5 2. fxe5 d6 3. Nf3 dxe5 4. e4 Bc5 5. c3 f5 6. exf5 Qe7 7. Be2 Nc6 8. d4 exd4 9. Bg5 Nf6 10. cxd4 Bb6
11. O-O O-O 12. Kh1 Bxf5 13. Nc3 Kh8 14. Nd5 Qd6 15. Nxf6 gxf6 16. Bh4 Rad8 17. Bg3 Qe6 18. Nh4 Nxd4 19. Nxf5 Nxf5 20. Qe1 Nxg3+
21. hxg3 Qe5 22. Bf3 Qg5 23. Qc1 Rd2
0-1

[Event "europa chess chempion players"]
[Site "SchemingMind.com"]
[Date "2010.12.30"]
[Round "-"]
[White "emvarela"]
[Black "andu"]
[Result "0-1"]
[WhiteCountry "ARG"]
[BlackCountry "AUT"]
[WhiteElo "1799"]
[WhiteRD "49"]
[BlackElo "2113"]
[BlackRD "76"]
[GameID "271028"]

1. e4 c5 2. Nf3 e6 3. d4 cxd4 4. Nxd4 Nf6 5. Nc3 a6 6. Be2 Qc7 7. a3 Nc6 8. Nxc6 Qxc6 9. Bf3 Qc7 10. O-O Bd6
11. Be3 Bxh2+ 12. Kh1 Be5 13. Bd4 h5 14. Bxe5 Qxe5 15. Qd3 Ng4 16. g3 Qg5 17. Kg2 h4 18. Bxg4 Qxg4 19. Rh1 h3+ 20. Kh2 b5
21. Rad1 Ra7 22. f3 Qh5 23. Qe3 Rc7 24. Rd2 Rc4 25. Ne2 e5 26. f4 d6 27. Rxd6 Rxc2 28. Rd2 Rxd2 29. Qxd2 Qf3 30. Nc3 exf4
31. gxf4 Rh4 32. Rg1 Qxf4+ 33. Qxf4 Rxf4 34. Rxg7 Rf2+ 35. Kh1 Kf8 36. Rh7 Bg4
0-1

[Event "europa chess chempion players"]
[Site "SchemingMind.com"]
[Date "2010.12.25"]
[Round "-"]
[White "NAZRIZ1977"]
[Black "andu"]
[Result "0-1"]
[WhiteCountry "WLS"]
[BlackCountry "AUT"]
[WhiteElo "1605"]
[WhiteRD "62"]
[BlackElo "2065"]
[BlackRD "79"]
[GameID "271029"]

1. c4 g6 2. g3 Bg7 3. Bg2 e5 4. Nc3 Nc6 5. Nf3 d6 6. d3 Nf6 7. O-O O-O 8. Bg5 h6 9. Bxf6 Qxf6 10. Rb1 Bg4
11. b4 Rfb8 12. b5 Ne7 13. Nd5 Nxd5 14. cxd5 Qd8 15. Rc1 a6 16. a4 axb5 17. axb5 Bd7 18. Qb3 c5 19. b6 Ba4 20. Qb1 Ra6
21. Nd2 Qxb6 22. Qxb6 Rxb6 23. Nc4 Ra6 24. Ra1 e4 25. Ra3 exd3 26. exd3 b5 27. Rfa1 Bxa1
0-1

[Event "europa chess chempion players"]
[Site "SchemingMind.com"]
[Date "2010.12.25"]
[Round "-"]
[White "Thomas Laue"]
[Black "andu"]
[Result "0-1"]
[WhiteCountry "GER"]
[BlackCountry "AUT"]
[WhiteElo "1753"]
[WhiteRD "144"]
[BlackElo "2072"]
[BlackRD "70"]
[GameID "271030"]

1. d4 Nf6 2. c4 g6 3. Nc3 Bg7 4. e4 d6 5. Nf3 O-O 6. Be2 e5 7. d5 a5 8. Bg5 h6 9. Bh4 Na6 10. Nd2 Bd7
11. O-O Qe7 12. f3 Rfd8 13. a3 Rdb8 14. Qc2 Rf8 15. Rfb1 Rfd8 16. b4 axb4 17. axb4 g5 18. Bf2 Nxb4 19. Qb2 c5 20. dxc6 Nxc6
21. Rxa8 Rxa8 22. Qxb7 Rb8 23. Qa6 Rxb1+ 24. Ndxb1 Nd4 25. Bxd4 exd4 26. Nd5 Qf8 27. Nd2 Qb8 28. Qb6 Qxb6 29. Nxb6 Be6 30. Nd5 Nd7
31. Kf2 Nc5 32. Nc7 d3 33. Bd1 Bd4+ 34. Ke1 Bc3 35. Nb5 Be5 36. g3 h5 37. Kf2 h4 38. Kg2 hxg3 39. hxg3 Na6 40. Bb3 Bd7
41. Ba2 Nb4 42. Bb1 Kf8 43. Kf2 f5 44. exf5 d5 45. Na3 Bb2 46. Nb5 Bc1 47. Nf1 dxc4 48. Nd6 c3
0-1

[Event "europa chess chempion players"]
[Site "SchemingMind.com"]
[Date "2010.12.25"]
[Round "-"]
[White "DI DARIO"]
[Black "andu"]
[Result "0-1"]
[WhiteCountry "INT"]
[BlackCountry "AUT"]
[WhiteElo "1798"]
[WhiteRD "74"]
[BlackElo "2072"]
[BlackRD "70"]
[GameID "271031"]

1. Nf3 Nf6 2. c4 g6 3. b3 Bg7 4. Bb2 O-O 5. g3 Nc6 6. Na3 d6 7. Nc2 e5 8. Bg2 Qe7 9. d4 Re8 10. O-O exd4
11. Nfxd4 Nxd4 12. Nxd4 Ne4 13. e3 c5 14. Re1 Ng5 15. f4 Nh3+ 16. Kf1 Qd7 17. g4 Qxg4 18. Qxg4 Bxg4 19. Bxb7 Rab8 20. Bc6 Rec8
21. f5 cxd4 22. Bd7 Rxc4 23. fxg6 hxg6 24. Bxg4 Rc2 25. Re2 Rxb2 26. Bxh3 Rxe2 27. Kxe2 d3+
0-1

[Event "europa chess chempion players"]
[Site "SchemingMind.com"]
[Date "2010.12.29"]
[Round "-"]
[White "zogger"]
[Black "agarr"]
[Result "1-0"]
[WhiteCountry "GER"]
[BlackCountry "RUS"]
[WhiteElo "2117"]
[WhiteRD "69"]
[BlackElo "1735"]
[BlackRD "91"]
[GameID "271032"]

1. Nf3 Nc6 2. g3 e5 3. d3 d5 4. Nbd2 Be6 5. Bg2 Bd6 6. e4 dxe4 7. Nxe4 Nge7 8. O-O Qd7 9. d4 O-O 10. dxe5 Nxe5
11. Nxe5 Bxe5 12. Nc5 Qxd1 13. Rxd1 c6 14. c3 Bd5 15. Nxb7 Bxg2 16. Kxg2 Rab8 17. Rd7 Nd5 18. Na5 Rfc8 19. a4 Nxc3 20. Nc4
1-0

[Event "europa chess chempion players"]
[Site "SchemingMind.com"]
[Date "2010.12.30"]
[Round "-"]
[White "zogger"]
[Black "Mitchell-in"]
[Result "1-0"]
[WhiteCountry "GER"]
[BlackCountry "ENG"]
[WhiteElo "2185"]
[WhiteRD "68"]
[BlackElo "1862"]
[BlackRD "73"]
[GameID "271033"]

1. Nf3 Nf6 2. g3 g6 3. Bg2 Bg7 4. O-O O-O 5. d3 d6 6. Nbd2 e5 7. e4 c6 8. c3 Nbd7 9. d4 Qe7 10. Re1 a5
11. Nc4 b5 12. dxe5 dxe5 13. Qd6 Qxd6 14. Nxd6 Ba6 15. Bg5 h6 16. Bd2 Ne8 17. Nxe8 Rfxe8 18. Be3 Rac8 19. Bh3 Rcd8 20. a4 Bb7
21. Nd2 Nf6 22. axb5 cxb5 23. Rxa5 Nxe4 24. Nxe4 Bxe4 25. Bb6 Rd6 26. Bc7 Rc6 27. Bd7 Rxc7 28. Bxe8 Bc6 29. Bxc6 Rxc6 30. Rxb5
1-0

[Event "europa chess chempion players"]
[Site "SchemingMind.com"]
[Date "2010.12.30"]
[Round "-"]
[White "zogger"]
[Black "emvarela"]
[Result "1-0"]
[WhiteCountry "GER"]
[BlackCountry "ARG"]
[WhiteElo "2185"]
[WhiteRD "68"]
[BlackElo "1785"]
[BlackRD "53"]
[GameID "271034"]

1. Nf3 d5 2. g3 c5 3. Bg2 Nc6 4. O-O Nf6 5. d3 g6 6. Nbd2 Bg7 7. e4 dxe4 8. dxe4 Qc7 9. Nc4 Bg4 10. Bf4 Bxf3
11. Bxf3 Qd7 12. e5 Qxd1 13. Raxd1 Nd7 14. Rfe1 Rd8 15. Bxc6 bxc6 16. b3 O-O 17. Kg2 Nb6 18. Na5 Rxd1 19. Rxd1 Rc8 20. c4 Kf8
21. Nxc6 f6 22. Nxa7 Ra8 23. e6 Ke8 24. Bc7 Nxc4 25. bxc4 f5 26. Nc6 Bd4 27. Nxd4 cxd4 28. Rxd4
1-0

[Event "europa chess chempion players"]
[Site "SchemingMind.com"]
[Date "2010.12.27"]
[Round "-"]
[White "zogger"]
[Black "andu"]
[Result "1-0"]
[WhiteCountry "GER"]
[BlackCountry "AUT"]
[WhiteElo "2185"]
[WhiteRD "68"]
[BlackElo "2063"]
[BlackRD "78"]
[GameID "271035"]

1. Nf3 c5 2. g3 g6 3. Bg2 Bg7 4. O-O Nc6 5. d3 d5 6. Nbd2 e6 7. Re1 Nf6 8. e4 O-O 9. exd5 exd5 10. c3 b6
11. d4 cxd4 12. Nxd4 Nxd4 13. cxd4 Bg4 14. f3 Bd7 15. Nb3 Re8 16. Be3 Rc8 17. Qd2 Bf8 18. Nc1 Rc4 19. Nd3 Qc8 20. Rec1 Bb5
21. Ne5 Rxc1+ 22. Rxc1 Qe6 23. Bf2 Rc8 24. Re1 Qd6 25. a3 Qc7 26. g4 Qb7 27. g5 Nd7 28. Ng4 Qc7 29. Qe3 Qc2 30. Bh3 Qc6
31. b3 a5 32. a4 Ba6 33. Nh6+ Bxh6 34. gxh6 Rf8 35. Rc1
1-0

[Event "europa chess chempion players"]
[Site "SchemingMind.com"]
[Date "2010.12.28"]
[Round "-"]
[White "zogger"]
[Black "NAZRIZ1977"]
[Result "1/2-1/2"]
[WhiteCountry "GER"]
[BlackCountry "WLS"]
[WhiteElo "2117"]
[WhiteRD "69"]
[BlackElo "1776"]
[BlackRD "73"]
[GameID "271036"]

1. Nf3 Nf6 2. g3 g6 3. Bg2 Bg7 4. O-O O-O 5. d3 d6 6. Nbd2 e5 7. e4 Nc6 8. c3 Nd7 9. Nc4 f5 10. Ng5 Nf6
11. Qb3 Kh8 12. exf5 gxf5 13. f4 h6 14. fxe5 hxg5 15. exf6 Bxf6 16. d4 a5 17. a4 Qe8 18. Ne3 Ne7 19. Bd2 Rb8 20. Rae1 Qf7
21. Qxf7 Rxf7 22. Nc4 b6=
1/2-1/2

[Event "europa chess chempion players"]
[Site "SchemingMind.com"]
[Date "2010.12.29"]
[Round "-"]
[White "zogger"]
[Black "Thomas Laue"]
[Result "1-0"]
[WhiteCountry "GER"]
[BlackCountry "GER"]
[WhiteElo "2078"]
[WhiteRD "69"]
[BlackElo "1726"]
[BlackRD "138"]
[GameID "271037"]

1. Nf3 Nf6 2. g3 g6 3. Bg2 Bg7 4. d3 d6 5. O-O O-O 6. Nbd2 Nbd7 7. e4 e5 8. a4 a5 9. Nc4 Nc5 10. Bg5 Bg4
11. b3 b6 12. Qd2 Qd7 13. Nh4 Nh5 14. f3 f6 15. fxg4 fxg5 16. Rxf8+ Rxf8 17. Nxg6 hxg6 18. gxh5 gxh5 19. Qxg5 Qe8 20. Bh3 Na6
21. Ne3 Nb4 22. Nf5 Rxf5 23. Bxf5 Nxc2 24. Rf1 Nd4 25. Bg6 Qd7 26. Qxh5 Ne2+ 27. Kh1
1-0

[Event "europa chess chempion players"]
[Site "SchemingMind.com"]
[Date "2010.12.28"]
[Round "-"]
[White "zogger"]
[Black "DI DARIO"]
[Result "1-0"]
[WhiteCountry "GER"]
[BlackCountry "INT"]
[WhiteElo "2078"]
[WhiteRD "69"]
[BlackElo "1653"]
[BlackRD "58"]
[GameID "271038"]

1. Nf3 Nf6 2. g3 b5 3. Bg2 Bb7 4. O-O g6 5. d3 Nc6 6. Nbd2 d5 7. Re1 e6 8. e4 h5 9. exd5 Nxd5 10. Ne4 Nf6
11. Nxf6+ Qxf6 12. d4 O-O-O 13. Bg5 Qg7 14. Bxd8 Nxd8 15. Qd3 a6 16. c4 bxc4 17. Qxc4 Bd6 18. Rac1 g5 19. Ne5 f6 20. Bxb7+ Kxb7
21. Qb3+ Kc8 22. Nc4 Kd7 23. Nxd6 cxd6 24. Rxe6 Qf7 25. Qa4+ Kxe6 26. Re1+ Kd5 27. Qa5+ Kc6 28. Qxa6+ Kc7 29. Qa7+ Kc6 30. Rc1+ Kd5
31. Qa4 Qb7 32. Qc4+ Ke4 33. d5+ Kf5 34. Qd3+ Kg4 35. Rc4+ Kh3 36. Qf1#
1-0

[Event "europa chess chempion players"]
[Site "SchemingMind.com"]
[Date "2010.12.27"]
[Round "-"]
[White "agarr"]
[Black "zogger"]
[Result "0-1"]
[WhiteCountry "RUS"]
[BlackCountry "GER"]
[WhiteElo "1748"]
[WhiteRD "85"]
[BlackElo "2185"]
[BlackRD "68"]
[GameID "271039"]

1. e4 c6 2. d4 d5 3. exd5 cxd5 4. Bb5+ Bd7 5. Bxd7+ Nxd7 6. Nf3 e6 7. O-O Ngf6 8. b3 Rc8 9. Bb2 Bd6 10. Nc3 O-O
11. Nb5 Bb8 12. a4 a6 13. Nc3 Rc6 14. Re1 Qc7 15. Qd3 Rc8 16. Ne2 Rxc2 17. Rec1 Ne4 18. Ba3 Rxc1+ 19. Rxc1 Qd8 20. Rxc8 Qxc8
21. Nd2 Bd6 22. Bxd6 Nxd6 23. Nf3 Qc7 24. Ng5 Nf6 25. h3 h6 26. Nf3 Nfe4 27. Nd2 Qa5 28. Nxe4 Qe1+ 29. Kh2 Nxe4 30. f3 Nd2
31. Ng3 Qc1 32. b4 Nc4 33. Qb3 Qf4 34. Qc3 h5
0-1

[Event "europa chess chempion players"]
[Site "SchemingMind.com"]
[Date "2010.12.27"]
[Round "-"]
[White "Mitchell-in"]
[Black "zogger"]
[Result "0-1"]
[WhiteCountry "ENG"]
[BlackCountry "GER"]
[WhiteElo "1862"]
[WhiteRD "73"]
[BlackElo "2185"]
[BlackRD "68"]
[GameID "271040"]

1. f4 e5 2. fxe5 d6 3. Nf3 g5 4. e4 g4 5. Bc4 gxf3 6. Qxf3 Qe7 7. exd6 cxd6 8. O-O Bg7 9. Nc3 Be6 10. Nd5 Bxd5
11. Bxd5 Nf6 12. d4 Nxd5 13. exd5 Bxd4+ 14. Kh1 Nd7 15. Bh6 Be5 16. Rae1 O-O-O 17. Qa3 Qh4
0-1

[Event "europa chess chempion players"]
[Site "SchemingMind.com"]
[Date "2010.12.30"]
[Round "-"]
[White "emvarela"]
[Black "zogger"]
[Result "0-1"]
[WhiteCountry "ARG"]
[BlackCountry "GER"]
[WhiteElo "1785"]
[WhiteRD "53"]
[BlackElo "2185"]
[BlackRD "68"]
[GameID "271041"]

1. e4 c6 2. d4 d5 3. Nc3 dxe4 4. Nxe4 Bf5 5. Ng3 Bg6 6. h4 h6 7. h5 Bh7 8. Nf3 Nf6 9. Bd3 Bxd3 10. Qxd3 e6
11. Be3 Qa5+ 12. c3 Bd6 13. Ne4 Nxe4 14. Qxe4 Nd7 15. Bf4 Nf6 16. Qe3 Nd5
0-1

[Event "europa chess chempion players"]
[Site "SchemingMind.com"]
[Date "2010.12.27"]
[Round "-"]
[White "andu"]
[Black "zogger"]
[Result "1/2-1/2"]
[WhiteCountry "AUT"]
[BlackCountry "GER"]
[WhiteElo "2092"]
[WhiteRD "72"]
[BlackElo "2078"]
[BlackRD "69"]
[GameID "271042"]

1. e4 c6 2. d4 d5 3. Nc3 dxe4 4. Nxe4 Bf5 5. Ng3 Bg6 6. Nf3 Nd7 7. h4 h6 8. h5 Bh7 9. Bd3 Bxd3 10. Qxd3 e6
11. Bf4 Qa5+ 12. Bd2 Bb4 13. c3 Be7 14. O-O Ngf6 15. c4 Qc7 16. c5=
1/2-1/2

[Event "europa chess chempion players"]
[Site "SchemingMind.com"]
[Date "2010.12.27"]
[Round "-"]
[White "NAZRIZ1977"]
[Black "zogger"]
[Result "0-1"]
[WhiteCountry "WLS"]
[BlackCountry "GER"]
[WhiteElo "1776"]
[WhiteRD "73"]
[BlackElo "2117"]
[BlackRD "69"]
[GameID "271043"]

1. c4 c6 2. g3 d5 3. Bg2 Nf6 4. Nf3 Bf5 5. cxd5 cxd5 6. Qb3 b6 7. Nc3 Nc6 8. O-O Rc8 9. d3 d4 10. Nb5 a6
11. Na3 b5 12. Bg5 e5 13. Rfc1 Be6 14. Qd1 Qb6 15. Rxc6 Rxc6 16. Nxe5 Rc8 17. Rc1 Bc5 18. Nc2 O-O 19. Bxf6 gxf6 20. Nf3 Rfd8
21. Qd2 Bf8 22. Qf4 Bxa2 23. Bh3 Rc7 24. Nh4 Qc5
0-1

[Event "europa chess chempion players"]
[Site "SchemingMind.com"]
[Date "2010.12.27"]
[Round "-"]
[White "Thomas Laue"]
[Black "zogger"]
[Result "0-1"]
[WhiteCountry "GER"]
[BlackCountry "GER"]
[WhiteElo "1726"]
[WhiteRD "138"]
[BlackElo "2078"]
[BlackRD "69"]
[GameID "271044"]

1. e4 c6 2. d4 d5 3. Nc3 dxe4 4. Nxe4 Bf5 5. Ng3 Bg6 6. h4 h6 7. Nf3 Nd7 8. h5 Bh7 9. Bd3 Bxd3 10. Qxd3 e6
11. Bf4 Qa5+ 12. Bd2 Bb4 13. c3 Be7 14. c4 Qa6 15. O-O Ngf6 16. Rfe1 c5 17. d5 Nxd5 18. Nf5 Bf6 19. Qxd5 O-O-O 20. Nd6+ Kc7
21. Qxb7+ Qxb7 22. Nxb7 Kxb7 23. Rab1 Ne5 24. Nxe5 Rxd2 25. Nf3 Rc2 26. Red1 Kc7 27. b4 Rb8 28. bxc5 Rxb1 29. Rxb1 Rxa2 30. Rc1 a5
31. Ne1 a4 32. Nd3 a3 33. Nb4 Rb2 34. Nd3 Rb3 35. Ne1 a2 36. Nc2 Rc3
0-1

[Event "europa chess chempion players"]
[Site "SchemingMind.com"]
[Date "2010.12.27"]
[Round "-"]
[White "DI DARIO"]
[Black "zogger"]
[Result "0-1"]
[WhiteCountry "INT"]
[BlackCountry "GER"]
[WhiteElo "1653"]
[WhiteRD "58"]
[BlackElo "2078"]
[BlackRD "69"]
[GameID "271045"]

1. Nf3 c6 2. c4 d5 3. e3 Nf6 4. Nc3 a6 5. Qa4 e6 6. cxd5 b5 7. Qc2 cxd5 8. g3 Nbd7 9. Bg2 b4 10. Ne2 a5
11. O-O Ba6 12. Re1 Bd6 13. Ned4 O-O 14. d3 Rc8 15. Qd2 g6 16. Ng5 e5 17. Ndf3 h6 18. Nh3 Nc5 19. d4 Nfe4 20. Qd1 Nd3
21. Bf1 Nxe1 22. Nxe1 Bxf1 23. Kxf1 Qd7 24. Kg2 Qxh3+ 25. Kxh3 Nxf2+ 26. Kg2 Nxd1 27. Kf3 exd4 28. Ke2 Nxe3 29. Kd3 Rfe8
0-1